Fázové a objemové vlastnosti fluoridovaných sústav na báze tantalu
Gespeichert in:
| 1. Verfasser: | |
|---|---|
| Format: | Buch |
| Sprache: | Slowakisch |
| Veröffentlicht: |
Bratislava
STUFCHPT
2008
|
| Online-Zugang: | Im OPAC anzeigen |
| Tags: |
Keine Tags, Fügen Sie das erste Tag hinzu!
|
MARC
| LEADER | 00000nam a2200000 a 4500 | ||
|---|---|---|---|
| 005 | 20260127134407.0 | ||
| 008 | 081028 2008 xo 000 0 slo d | ||
| 035 | |a vtls009353705 | ||
| 039 | 9 | |y 200810280715 |z mschk03 | |
| 040 | |a STUSCHK1 |b slo |c STUSCHK1 |e AACR2 | ||
| 100 | 1 | |a Netriová, Zuzana | |
| 245 | 1 | |a Fázové a objemové vlastnosti fluoridovaných sústav na báze tantalu |c Zuzana Netriová | |
| 260 | |a Bratislava |b STUFCHPT |c 2008 | ||
| 300 | |a 98 s. |b il. |c 30 cm | ||
| 500 | |a Obháj.: 18.9. 2008 | ||
| 500 | |a Študijný program: 5.2.19 Anorganická technológia a materiály | ||
| 910 | |a SCHK95 | ||
| 999 | |c 11652 |d 11652 | ||